Southville International School and Colleges
Your cart is empty.
  • Cart
  • Lists
    Public lists Eva Luna New books Lux_list list_1
    Your lists Log in to create your own lists
  • Log in to your account
  • Your cookies
  • Search history
Southville International School and Colleges
  • Advanced search
  • Recent comments
  • Most popular
  • Libraries

Log in to your account

Log in with GOOGLE


If you do not have an external account, but do have a local account, you can still log in:

  1. Home
  2. MARC view: Sharks and rays
Normal view MARC view ISBD view

Sharks and rays (Record no. 11892)

[ view plain ]
MARC details
000 -LEADER
fixed length control field 00482nam a22001697a 4500
003 - CONTROL NUMBER IDENTIFIER
control field OSt
005 - DATE AND TIME OF LATEST TRANSACTION
control field 20140310182325.0
008 - FIXED-LENGTH DATA ELEMENTS--GENERAL INFORMATION
fixed length control field 130316t xxu||||| |||| 00| 0 eng d
020 ## - INTERNATIONAL STANDARD BOOK NUMBER
International Standard Book Number 0895776901
050 ## - LIBRARY OF CONGRESS CALL NUMBER
Classification number QL 638.9
Item number .R286 1995
082 ## - DEWEY DECIMAL CLASSIFICATION NUMBER
Classification number QL638.9
Item number R226 1995
245 ## - TITLE STATEMENT
Title Sharks and rays
Statement of responsibility, etc Reader's digest young families book
260 ## - PUBLICATION, DISTRIBUTION, ETC. (IMPRINT)
Place of publication, distribution, etc Westport,CT :
Name of publisher, distributor, etc Joshua Morris Publishing Inc.,
Date of publication, distribution, etc 1995.
300 ## - PHYSICAL DESCRIPTION
Dimensions 25 cm.
Other physical details ill. col. ;
942 ## - ADDED ENTRY ELEMENTS (KOHA)
Source of classification or shelving scheme Library of Congress Classification
Koha item type
Holdings
Withdrawn status Lost status Source of classification or shelving scheme Damaged status Home library Current library Shelving location Date acquired Source of acquisition Total Checkouts Full call number Barcode Date last seen Copy number Price effective from Koha item type
    Library of Congress Classification   Luxembourg Library Luxembourg Library Reference Section 09/21/2013 Donation   QL 638.9 .R286 1995 8287 04/05/2016 1 09/21/2013 Books

Sharks and rays

APA

(1995). Sharks and rays. Westport,CT: Joshua Morris Publishing Inc.

Chicago

1995. Sharks and rays. Westport,CT: Joshua Morris Publishing Inc.

Harvard

(1995). Sharks and rays. Westport,CT: Joshua Morris Publishing Inc.

MLA

Sharks and rays. Westport,CT: Joshua Morris Publishing Inc. 1995.

  • Place hold
  • Print
  • Cite
  • Add to your cart (remove)
  • Save record
    BIBTEX Dublin Core MARCXML MARC (non-Unicode/MARC-8) MARC (Unicode/UTF-8) MARC (Unicode/UTF-8, Standard) MODS (XML) RIS
  • More searches
    Search for this title in:
    Other Libraries (WorldCat) Other Databases (Google Scholar) Online Stores (Bookfinder.com) Open Library (openlibrary.org)

Exporting to Dublin Core...

SOUTHVILLE LIBRARY

Southville International School and Colleges Library

1281 Tropical Ave. Cor. Luxembourg St., BF Homes International, Las Pinas City

Tel. No. 8256374 / 252358 Loc. 117/146

Powered by Koha